Ostfriesische Inseln - Sudden Death - Statistiken

Allgemein
  • Dieses Quiz wurde 100 mal gespielt
  • Das Durchschnittsergebnis liegt bei 6 aus 9
Answers on the Grid
Answers color-coded by a green-red scale on the quiz's grid according to % correct below.
Ameland
Amrum
Baltrum
Borkum
Föhr
Grönland
Helgoland
Juist
Langeoog
Mellum
Memmert
Noordland
Norderney
Pellworm
Rügen
Spiekeroog
Sylt
Texel
Vlieland
Wangerooge
Zeeland
 
Antwortstatistiken
Antwort % Korrekt
Langeoog
87%
Wangerooge
87%
Borkum
85%
Spiekeroog
85%
Juist
79%
Norderney
75%
Baltrum
70%
Memmert
36%
Mellum
26%
Keine übereinstimmenden Quizze gefunden
Verteilung der Resultate
Anzahl Personen mit jedem Resultat
Perzentil nach korrekt beantworteten Fragen
Ihre Resultats-Entwicklung
Sie haben dieses Quiz noch nicht gespielt